Wisconsin's original 5 counties - Statistics

General Stats
  • This quiz has been taken 11 times
  • The average score is 3 of 5
Answer Stats
County Modern State % Correct
Brown WI
73%
Dubuque IA
64%
Iowa WI
64%
Crawford WI
45%
Des Moines IA
45%
No matching quizzes found
Score Distribution
Percent of People with Each Score
Percentile by Number Answered
Your Score History
You have not taken this quiz